Theories of Personality

Salvato in:
Dettagli Bibliografici
Autore principale: Roberts, Feist /Feist
Natura: Libro
Lingua:inglese
Pubblicazione: Mc Graw Hill Education 29918
Tags: Aggiungi Tag
Nessun Tag, puoi essere il primo ad aggiungerne!!

MARC

LEADER 00000nam a22000007a 4500
008 210616b ||||| |||| 00| 0 eng d
020 |a 9781260083538 
100 |a Roberts, Feist /Feist 
245 |a Theories of Personality  |c Feist /Feist Roberts  |g xvii, 594p 
250 |b 9th Edition 
260 |b Mc Graw Hill Education  |c 29918  |h New York  |i 696193  |l 696194 
500 |a It includes references and index 
942 |a lcc  |c BK  |e Olagoke,M.A  |f 16/06/2021 
952 |0 0  |1 0  |2 lcc  |4 0  |6 BF0698 R54  |7 0  |9 2629  |a HOL  |b ED  |c AF  |d 2021-06-16  |o BF 698. R54  |p 2021-6477  |r 2021-06-16 00:00:00  |w 2021-06-16  |y BK 
952 |0 0  |1 0  |2 lcc  |4 0  |6 BF0698 R54  |7 0  |9 2630  |a HOL  |b HOL  |c AF  |d 2021-06-16  |o BF 698. R54  |p 2021-6478  |r 2021-06-16 00:00:00  |w 2021-06-16  |y BK 
952 |0 0  |1 0  |2 lcc  |4 0  |6 BF0698 R54  |7 0  |9 2631  |a HOL  |b HOL  |c AF  |d 2021-06-16  |o BF 698.R54  |p 2021-6643  |r 2021-06-16 00:00:00  |w 2021-06-16  |y BK 
999 |c 1377  |d 1377